| 000 | 00989cam a2200289 i 4500 | ||
|---|---|---|---|
| 999 |
_c6621 _d6621 |
||
| 001 | 6621 | ||
| 003 | Mx-PuUPA | ||
| 005 | 20240410103441.0 | ||
| 008 | 140415s1989 mx r 000 0 spa d | ||
| 020 | _a9682431573 | ||
| 040 |
_erda _aMx-PuUPA _bspa _cMx-PuUPA _dMx-PuUPA |
||
| 041 | 1 |
_aspa _heng |
|
| 100 | 1 |
_aFilley, Alan C. _eautor _94477 |
|
| 240 | 1 | 0 |
_aInterpersonal conflict resolution. _lEspañol |
| 245 | 1 | 0 |
_aSolución de conflictos interpersonales / _cAlan C. Filley ; traductor, Carlos Villegas García. |
| 250 | _aSegunda edición | ||
| 264 | 1 |
_aMéxico : _bTrillas, _c1991 |
|
| 300 |
_a184 páginas ; _c24 cm. |
||
| 336 |
_atexto _2rdacontent _btxt |
||
| 337 |
_asin medio _2rdamedia _bn |
||
| 338 |
_avolumen _2rdacarrier _bnc |
||
| 650 | 4 | _aRelaciones industriales | |
| 700 | 1 |
_aVillegas García, Carlos, _etraductor |
|
| 765 | 0 | 8 |
_aFilley, Alan C., _tInterpersonal conflict resolution, |
| 942 |
_2ddc _cLI _h658.3145 _iF478 |
||